000 00296nam a22001337a 4500
008 171218b xxu||||| |||| 00| 0 eng d
020 _a076714005501
041 _aeng
080 _a038
100 _a23
101 _aFJA
245 _aWEBSTER'S NEW WORLD THESAURUS
_cLAIRD,CH
942 _2udc
_cBK
999 _c39053
_d39053